Countries invaded by Germany in ww2 - Statistics

General Stats
  • This quiz has been taken 45 times
  • The average score is 14 of 16
Answer Stats
Hint Answer % Correct
2 Austria
98%
10 Poland
98%
4 Belgium
93%
7 France
93%
5 Netherlands
90%
9 Norway
90%
13 Soviet union
90%
8 Denmark
88%
11 Greece
88%
3 Czechoslovakia
83%
15 Hungary
80%
12 UK
80%
14 Italy
78%
6 Luxembourg
78%
1 Yugoslavia
78%
16 Romania
71%
No matching quizzes found
Score Distribution
Percent of People with Each Score
Percentile by Number Answered
Your Score History
You have not taken this quiz